Los países con las mayores economías de la decada de los 90 - Estadísticas

Estadísticas generales
  • Esta prueba ha sido intentada 46 veces
  • La puntuación promedio es 9 de 10
Estadísticas de respuestas
Total del PIB NOMINAL en miles de millones de dólares País % Correcto
$2,161,261 Alemania
100%
$4,683,992 Japón
100%
$1,476,088 Francia
98%
$1,105,272 China
95%
$9,720,697 Estados Unidos de América
95%
$687,981 Canadá
93%
$1,238,305 Italia
93%
$630,574 España
88%
$1,686,756 Reino Unido
88%
$615,779 México
76%
No se encontraron pruebas coincidentes
Distribución de puntuación
Porcentaje de gente con cada puntuación
Porcentaje por número respondido
Historial de tus puntuaciones
No has intentado esta prueba.